| 000 | 01780nam a2200409 a 4500 | ||
|---|---|---|---|
| 001 | ebr10728902 | ||
| 003 | CaPaEBR | ||
| 006 | m o u | ||
| 007 | cr cn||||||||| | ||
| 008 | 130513s2013 gw a sb 001 0 eng d | ||
| 010 | _z 2013017546 | ||
| 020 | _z9783110291148 (alk. paper) | ||
| 020 | _z9783110291278 (e-book) | ||
| 040 |
_aCaPaEBR _cCaPaEBR |
||
| 035 | _a(OCoLC)845374350 | ||
| 050 | 1 | 4 |
_aP93.55 _b.I59 2013eb |
| 082 | 0 | 4 |
_a302.2/22 _223 |
| 245 | 0 | 0 |
_aInteraction and mobility _h[electronic resource] : _blanguage and the body in motion / _cedited by Pentti Haddington, Lorenza Mondada and Maurice Nevile. |
| 260 |
_aBerlin : _bDe Gruyter, _c2013. |
||
| 300 |
_axi, 430 p. : _bill. |
||
| 440 | 0 |
_aLinguae & litterae, _x1869-7054 ; _v20 |
|
| 504 | _aIncludes bibliographical references and indexes. | ||
| 505 | 0 | _apt. I. Introduction -- pt. II. Staging and collaborating for mobility -- pt. III. Projecting and engaging mobility -- pt. IV. Coordinating and controlling mobility -- pt. V. Creating and performing mobility -- pt. VI. Epilogue. | |
| 533 |
_aElectronic reproduction. _bPalo Alto, Calif. : _cebrary, _d2013. _nAvailable via World Wide Web. _nAccess may be limited to ebrary affiliated libraries. |
||
| 650 | 0 | _aCommunication models. | |
| 650 | 0 |
_aBody language _xPsychological aspects. |
|
| 650 | 0 | _aGesture. | |
| 650 | 0 | _aNonverbal communication. | |
| 650 | 0 | _aSocial interaction. | |
| 650 | 0 | _aSymbolic interactionism. | |
| 655 | 7 |
_aElectronic books. _2local |
|
| 700 | 1 | _aHaddington, Pentti. | |
| 700 | 1 | _aMondada, Lorenza. | |
| 700 | 1 |
_aNevile, Maurice, _d1964- |
|
| 710 | 2 | _aebrary, Inc. | |
| 856 | 4 | 0 |
_uhttp://site.ebrary.com/lib/rucke/Doc?id=10728902 _zAn electronic book accessible through the World Wide Web; click to view |
| 999 |
_c151629 _d151629 |
||